书目信息 |
| 题名: |
果品加工技术
|
|
| 作者: | 张宝善 , 王军 编著 | |
| 分册: | ||
| 出版信息: | 北京 中国轻工业出版社 2000.09 |
|
| 页数: | 180页 | |
| 开本: | 20cm | |
| 丛书名: | 西部开发农产品加工 | |
| 单 册: | ||
| 中图分类: | TS255.4 | |
| 科图分类: | ||
| 主题词: | 水果加工 | |
| 电子资源: | ||
| ISBN: | 7-5019-2917-3 | |
| 000 | 00954oam2 2200277 45 | |
| 001 | 012000058853 | |
| 005 | 20071017082757.00 | |
| 010 | @a7-5019-2917-3@dCNY16.00 | |
| 100 | @a20001220d2000 em y0chiy0120 ea | |
| 101 | 0 | @achi |
| 102 | @aCN@b110000 | |
| 105 | @ay z 000yy | |
| 200 | 1 | @a果品加工技术@AGuo Pin Jia Gong Ji Shu@f张宝善,王军编著@FZhang Bao Shan, Wang Jun Bian Zhu |
| 210 | @a北京@c中国轻工业出版社@d2000.09 | |
| 215 | @a180页@d20cm | |
| 225 | 2 | @a西部开发农产品加工 |
| 300 | @a国家九五重点图书 轻工科技兴农 | |
| 330 | @a本书共分七章,内容包括:果品化学成分及其加工特性;果品加工前处理及加工用水的处理;果品罐头;果汁加工;果品糖制;葡萄酒及其他果酒的酿制;果品干制。 | |
| 410 | 0 | @12001 @a西部开发农产品加工 |
| 606 | 0 | @a水果加工 |
| 690 | @aTS255.4@v4 | |
| 701 | 0 | @a张宝善@AZhang Bao Shan@4编著 |
| 701 | 0 | @a王军@AWang Jun@4编著 |
| 801 | 0 | @aCN@bNLC@c20071017 |
| 905 | @aBZT@dTS255.4@e102 | |
| 906 | @dCNY16.00@n0@r1 | |
| 果品加工技术/张宝善,王军编著.-北京:中国轻工业出版社,2000.09 |
| 180页;20cm.-(西部开发农产品加工) |
| 国家九五重点图书 轻工科技兴农 |
| ISBN 7-5019-2917-3:CNY16.00 |
| 本书共分七章,内容包括:果品化学成分及其加工特性;果品加工前处理及加工用水的处理;果品罐头;果汁加工;果品糖制;葡萄酒及其他果酒的酿制;果品干制。 |
| ● |
| 相关链接 |
|
|
|
正题名:果品加工技术
索取号:TS255.4/102
 
预约/预借
| 序号 | 登录号 | 条形码 | 馆藏地/架位号 | 状态 | 备注 |
| 1 | 594900 | 230154627 | 中心书库中库/ 中库025架A面6列3层10/ [索取号:TS255.4/102] | 在馆 | |
| 2 | 594901 | 230154626 | 中心书库中库/ 中库025架A面6列3层14/ [索取号:TS255.4/102] | 在馆 | |
| 3 | 594902 | 230154625 | 中心书库中库/ 中库025架A面6列3层11/ [索取号:TS255.4/102] | 在馆 | |
| 4 | 594903 | 230154624 | 中心书库中库/ 中库025架A面6列3层13/ [索取号:TS255.4/102] | 在馆 | |
| 5 | 594904 | 230154623 | 中心书库中库/ 中库025架A面6列3层12/ [索取号:TS255.4/102] | 在馆 |